Die 10 häufigsten Schulnamen - Statistiken

Allgemein
  • Dieses Quiz wurde 209 mal gespielt
  • Das Durchschnittsergebnis liegt bei 7 aus 10
Antwortstatistiken
Hinweis Name % Korrekt
biblische Mutterfigur {Maria}
93%
Werther- und Faust-Verfasser {Johann} {Wolfgang} {von} {Goethe}
92%
Widerstandskämpfer gegen die Nazis Geschwister {Scholl}
91%
schwedische Kinderbuchautorin {Astrid} {Lindgren}
88%
Mantel teilender Märtyrer Sankt {Martin}
86%
Best Buddy von ^ {Friedrich} {Schiller}
73%
in Afrika tätiger Arzt Albert {Schweitzer}
71%
Autor des fliegenden Klassenzimmers {Erich} {Kästner}
63%
italienische Reformpädagogin Maria {Montessori}
40%
Schweizer Pädagoge und Sozialreformer Johann Heinrich {Pestalozzi}
21%
Keine übereinstimmenden Quizze gefunden
Verteilung der Resultate
Anzahl Personen mit jedem Resultat
Perzentil nach korrekt beantworteten Fragen
Ihre Resultats-Entwicklung
Sie haben dieses Quiz noch nicht gespielt